000 00301nam a2200121Ia 4500
008 190216s9999||||xx |||||||||||||| ||und||
100 _aHiralal Yadav Savitha Sinha
245 0 _aFundamentals Of Human Geography
260 _bNcrt - Newdelhi
_c2003
300 _a122
650 _aHistory
942 _cBK
999 _c20915
_d20915